000 00665nam a22001937a 4500
999 _c182565
_d182565
005 20211123103023.0
010 _aUR-11339
020 _c500.00
_a9789390100958
035 _aU-9894
037 _bDBAD/PUB
082 _a844.808
100 _aمصبا ح ا حمد صد يقی
245 _aمشق قلم(مضا مين و مقا لا ت)
_cمصبا ح ا حمد صد يقی
246 _a Mashq-e-Qalam(Urdu)
_bby Misbah Ahmed Siddiqui
260 _aN.Delhi
_c2020 ء
_bEducational Publishing House
270 _aD1/16,Ansari Road,Darya Ganj,
_bNew Delhi
_e110002
_l -
300 _a288 ص
_c22 Cm(Hb)
942 _2ddc
_cUR
_h844.808
_mص د ی